000
00315nam a2200145Ia 4500
100
_a
Young/ Douglas A
942
_c
BK
654
_a
computer
245
_a
Motif Debuging & Performance Tunning
260
_b
Prentice Hall
_c
1995
082
_a
5.14
_b
YOU
300
_a
574
546
_a
ENGLISH
999
_c
33654
_d
33654